00311pab a2200121 454500008004000000100001400040245005200054260000900106300001300115362001100128650001600139773003400155180718b2012 xxu||||| |||| 00| 0 eng d aRao, P.S. aNABARD and RBI: A 30 year legacy being upturned c2012 ap.27-30. a22 Sep aAgriculture aEconomic and Political Weekly